MARC

LEADER 00000nam0a2200000 4500
001 273862
005 20231101234654.0
020 |a RU  |b 87-77384 
035 |a (RuTPU)RU\TPU\book\297072 
090 |a 273862 
100 |a 20141029d1987 k y0rusy5003 ca 
101 0 |a rus 
102 |a RU 
105 |a a z 001zy 
200 1 |a Гидрогеологические исследования и расчеты защиты подземных вод от загрязнения  |e сборник научных трудов  |f Всесоюзный научно-исследовательский институт водоснабжения, канализации, гидротехнических сооружений и инженерной гидрогеологии (НИИ ВОДГЕО, ВНИИводгео) 
210 |a Москва  |c Изд-во ВНИИВОДГЕО  |d 1987 
215 |a 116 с.  |c ил.  |d 22 см 
225 1 |a Труды института ВОДГЕО 
320 |a Библиогр. в конце статей 
606 1 |a Воды подземные  |x Защита от загрязнения  |2 stltpush  |3 (RuTPU)RU\TPU\subj\3165  |9 31619 
610 1 |a водоносные пласты 
610 1 |a загрязнения 
610 1 |a распространение 
610 1 |a расчет 
610 1 |a защитные мероприятия 
610 1 |a проектирование 
610 1 |a дренаж 
610 1 |a дренажная защита 
610 1 |a параметры 
610 1 |a оптимизация 
610 1 |a водозаборы 
610 1 |a санитарная охрана 
610 1 |a неоднородные слоистые пласты 
610 1 |a массоперенос 
675 |a 556.388  |z rus  |v 3 
712 0 2 |a Всесоюзный научно-исследовательский институт водоснабжения, канализации, гидротехнических сооружений и инженерной гидрогеологии (НИИ ВОДГЕО, ВНИИводгео)  |c (Москва)  |2 stltpush  |3 (RuTPU)RU\TPU\col\4603 
801 0 |a RU  |b RuMRKP  |c 19950417  |g psbo 
801 1 |a RU  |b 63413507  |c 20141029 
801 2 |a RU  |b 63413507  |c 20170116  |g RCR 
942 |c BK